|
|
|
|
| LEADER |
00000nam0a2200000 4500 |
| 001 |
47673 |
| 005 |
20231101211114.0 |
| 010 |
|
|
|a 5935170574
|
| 035 |
|
|
|a (RuTPU)RU\TPU\book\49789
|
| 090 |
|
|
|a 47673
|
| 100 |
|
|
|a 20030219d2001 k y0rusy50 ca
|
| 101 |
0 |
|
|a rus
|
| 102 |
|
|
|a RU
|
| 105 |
|
|
|a a g 000zy
|
| 200 |
1 |
|
|a Популярные микросхемы КМОП
|a Серии К176; К561; К564; КР1561; К1554; К1564; К1594
|e справочник
|f В. Л. Шило
|
| 210 |
|
|
|a Москва
|c Горячая линия-Телеком
|d 2001
|
| 215 |
|
|
|a 112 с.
|c ил.
|
| 225 |
1 |
|
|a Массовая радиобиблиотека
|v Вып. 1246
|
| 606 |
1 |
|
|a Микросхемотехника
|2 stltpush
|3 (RuTPU)RU\TPU\subj\43763
|9 63206
|
| 610 |
1 |
|
|a электроника
|
| 610 |
1 |
|
|a микросхемы
|
| 610 |
1 |
|
|a КМОП
|
| 610 |
1 |
|
|a справочники
|
| 675 |
|
|
|a 621.382.049.77(035)
|v 3
|
| 700 |
|
1 |
|a Шило
|b В. Л.
|g Валерий Леонидович
|
| 801 |
|
1 |
|a RU
|b 63413507
|c 20030219
|g PSBO
|
| 801 |
|
2 |
|a RU
|b 63413507
|c 20191118
|g PSBO
|
| 942 |
|
|
|c BK
|